000
00236nam a2200109Ia 4500
100
_a
Salivahanan/S
942
_c
#NAME?
245
_a
Digital signal processing
260
_b
Tata Mc Graw hill
_a
New Delhi
082
_a
621
300
_a
808
999
_c
24166
_d
24166